LEADER 01001nam a2200217 i 4500 001 000000213477 003 CaOOAMICUS 005 20120523000000.0 008 120523s1893 gw u000 u ger u 013 $a192332 040 $aSeMil$bita 100 1 $aDyroff, Adolf.$0(OLS)http://semarc/name/67885 245 10$aGeschichte des Pronomen reflexivum. 2. Abt., Die attische Prosa und Schlussergebnisse /$cvon Adolf Dyroff. 260 $aWürzburg :$bStuber,$c1893. 300 $a186 p. ;$c25 cm. 490 0 $aBeiträge zur historischen Syntax der griechischen Sprache ;$v10 830 0$aBeiträge zur historischen Syntax der griechischen Sprache ;$v10.$0(OLS)http://semarc/title/26367 850 $aSeMil 852 $aSeMil$W1$xVenegono$y1$m1Z V 34 FA$j163907$B163907$CSeMilBibl$Z2$F174965 $8I 996 $6245$aGeschichte des Pronomen reflexivum. 2. Abt., Die attische Prosa und Schlussergebnisse$9(OLS)http://semarc/title/307742 996 $6260$aWürzburg :$bStuber$9(OLS)http://semarc/publisher/52773 LEADER 00626nam a2200181 i 4500 001 000000225928 003 CaOOAMICUS 005 20131223000000.0 008 131223n it u000 u ita u 013 $a204830 040 $aSeMil$bita 245 10$aSalute in viaggio. 300 $a285 p. :$bill. 773 0 $tGuida alla prevenzione.$bEd. speciale per il Corriere della Sera.$dMilano : Corriere della Sera, 2008.$g16$w()29295 850 $aSeMil 852 $aSeMil$W1$xVenegono$y1$m3X II 16$j176274$B176274$CSeMilBibl$Z2$F187787 $81 961 $aOmaggio: Altro 996 $6245$aSalute in viaggio$9(OLS)http://semarc/title/323575